000
00399 a2200169 4500
260
_a
Bruxelles, Paris
260
_b
Maloine, Prodim
245
_a
Techniques psychiatriques en kinésithérapie
650
_a
KINESITHERAPIE
650
_a
PSYCHIATRIE
100
_a
Dacos, J. P.
260
_c
1984
035
_a
9440
999
_c
18603
_d
18603